[Event "FRA-ch Railways-A"]
[Site "St Mandrier"]
[Date "2015.04.07"]
[Round "1"]
[White "Quaia, Charles"]
[Black "Holler, Christophe"]
[Result "0-1"]
[WhiteElo "1646"]
[BlackElo "1841"]
[PlyCount "54"]
[EventDate "2015.04.07"]
[EventType "swiss"]
[EventRounds "7"]
[EventCountry "FRA"]
[SourceTitle "EXT 2016"]
[Source "ChessBase"]
[SourceDate "2015.10.08"]
[SourceVersion "1"]
[SourceVersionDate "2015.10.08"]
[SourceQuality "1"]

1. d4 Nf6 2. c4 g6 3. Nc3 Bg7 4. e4 d6 5. Bd3 Nc6 6. Nge2 e5 7. d5 Ne7 8. b4 0-0 9. Bd2 Bd7 10. Ng3 c6 11. 0-0 Ne8 12. Qc2 cxd5 13. cxd5 Rc8 14. Rac1 Nc7 15. Qb1 f5 16. f4 fxe4 17. Bxe4 Nb5 18. Nxb5 Qb6+ 19. Kh1 Bxb5 20. Rxc8 Rxc8 21. Rc1 Rc4 22. f5 Qd4 23. Bg5 Nxd5 24. fxg6 Nc3 25. gxh7+ Kh8 26. Qb3 Nxe4 27. Nxe4 Rxc1+ 0-1